<?xml version="1.0" encoding="UTF-8"?><?xml-stylesheet type="text/xsl" href="static/style.xsl"?><OAI-PMH xmlns="http://www.openarchives.org/OAI/2.0/" xmlns:xsi="http://www.w3.org/2001/XMLSchema-instance" xsi:schemaLocation="http://www.openarchives.org/OAI/2.0/ http://www.openarchives.org/OAI/2.0/OAI-PMH.xsd"><responseDate>2026-04-28T19:29:11Z</responseDate><request verb="GetRecord" identifier="oai:uvadoc.uva.es:10324/7746" metadataPrefix="marc">http://uvadoc.uva.es/oai/request</request><GetRecord><record><header><identifier>oai:uvadoc.uva.es:10324/7746</identifier><datestamp>2021-06-29T10:22:45Z</datestamp><setSpec>com_10324_38</setSpec><setSpec>col_10324_852</setSpec></header><metadata><record xmlns="http://www.loc.gov/MARC21/slim" xmlns:doc="http://www.lyncode.com/xoai" xmlns:xsi="http://www.w3.org/2001/XMLSchema-instance" xmlns:dcterms="http://purl.org/dc/terms/" xsi:schemaLocation="http://www.loc.gov/MARC21/slim http://www.loc.gov/standards/marcxml/schema/MARC21slim.xsd">
<leader>00925njm 22002777a 4500</leader>
<datafield tag="042" ind1=" " ind2=" ">
<subfield code="a">dc</subfield>
</datafield>
<datafield tag="720" ind1=" " ind2=" ">
<subfield code="a">Fernández Cano, Virginia</subfield>
<subfield code="e">author</subfield>
</datafield>
<datafield tag="260" ind1=" " ind2=" ">
<subfield code="c">2014</subfield>
</datafield>
<datafield tag="520" ind1=" " ind2=" ">
<subfield code="a">En este trabajo se diseña un programa de intervención basado en la rehabilitación del lenguaje a través de la musicalización. Son muchos los autores en el ámbito de la logopedia que dan importancia al uso de la música como recurso de mejora del lenguaje, siendo cada vez más relevante la vinculación existente entre la música y el desarrollo psicolingüístico.&#xd;
A través de esta relación música-lenguaje se planifica una intervención propia del maestro de Audición y Lenguaje atendiendo a las diferentes áreas implicadas en la producción y comprensión lingüística, basada en la aplicación de cualidades y propiedades de la música, con el fin de paliar y reforzar las distintas dificultades que presentan los sujetos a los que se les ha aplicado el programa, produciéndose esta aplicación en un contexto de enseñanza especializada reglada.</subfield>
</datafield>
<datafield tag="024" ind2=" " ind1="8">
<subfield code="a">http://uvadoc.uva.es/handle/10324/7746</subfield>
</datafield>
<datafield ind1=" " ind2=" " tag="653">
<subfield code="a">Logopedia</subfield>
</datafield>
<datafield ind1=" " ind2=" " tag="653">
<subfield code="a">Lenguaje, Trastornos del</subfield>
</datafield>
<datafield ind1=" " ind2=" " tag="653">
<subfield code="a">Musicoterapia</subfield>
</datafield>
<datafield tag="245" ind1="0" ind2="0">
<subfield code="a">Reeducación fonética basada en la musicalización: programa de intervención</subfield>
</datafield>
</record></metadata></record></GetRecord></OAI-PMH>